|
|
|
|
| LEADER |
00000nsc a2200000 a 4500 |
| 003 |
Ucuenca |
| 005 |
20230714063322.0 |
| 008 |
016031|1973 sp |||||r|||||||||||spa|| |
| 020 |
|
|
|a 34-339-0354-3
|
| 040 |
|
|
|b spa
|
| 041 |
1 |
|
|a es
|
| 082 |
0 |
|
|a 401
|
| 100 |
1 |
|
|a Searle, John
|9 232125
|
| 245 |
|
3 |
|a La revolución de Chomsky en lingüística
|c John Searle. Traducción Carlos Manzano
|h imp
|
| 264 |
|
|
|a Barcelona
|b Anagrama
|c 1973
|
| 300 |
|
|
|a 71 páginas:
|c 17.5 cm
|
| 490 |
|
|
|a Lingüística
|
| 504 |
|
|
|a incl. ref.
|
| 650 |
|
0 |
|a Existencialismo
|9 4257
|
| 650 |
|
0 |
|a Chomsky noam
|9 28192
|
| 650 |
|
7 |
|a Lingüística
|9 7236
|
| 852 |
|
|
|a UC-CDJBV
|
| 942 |
|
|
|c CR
|2 ddc
|z erika.penafielv@ucuenca.edu.ec
|
| 999 |
|
|
|c 136886
|d 136886
|